[Event "Titled Tuesday intern op 1st Jan"]
[Site "Chess.com INT"]
[Date "2019.01.01"]
[Round "2"]
[White "Cardoso Cardoso, Jose Gabriel"]
[Black "Doe, Joe"]
[Result "1/2-1/2"]
[WhiteElo "2330"]
[BlackElo "2690"]
[PlyCount "142"]
[EventDate "2019.01.01"]
[EventType "swiss (blitz)"]
[EventRounds "10"]
[EventCountry "USA"]
[SourceTitle "EXT 2021"]
[Source "ChessBase"]
[SourceDate "2020.10.23"]
[SourceVersion "1"]
[SourceVersionDate "2020.10.23"]
[SourceQuality "1"]

1. d4 Nf6 2. c4 e6 3. Nc3 Bb4 4. Qc2 0-0 5. a3 Bxc3+ 6. Qxc3 b5 7. cxb5 c6 8. g3 Bb7 9. Bg2 Qb6 10. Nf3 cxb5 11. 0-0 Nc6 12. Bf4 Rac8 13. Qd3 Na5 14. Rac1 Be4 15. Qd1 h6 16. h4 Nc4 17. Qb3 Bd5 18. Qd1 Nxb2 19. Qd2 Nc4 20. Qd3 Qa5 21. Ne5 Qxa3 22. Rc3 Nxe5 23. Rxa3 Nxd3 24. exd3 Bxg2 25. Kxg2 Ra8 26. Rfa1 Nd5 27. Bd6 Rfc8 28. Rxa7 Rxa7 29. Rxa7 Rc6 30. Rxd7 Rb6 31. Bc5 Rb8 32. Bd6 Rb6 33. Bc5 Rb8 34. Bd6 Ra8 35. Rb7 Ra4 36. Bc5 b4 37. h5 Ra3 38. Rb8+ Kh7 39. Bxb4 Rb3 40. Bd6 Rxb8 41. Bxb8 Nb4 42. Kf3 Nxd3 43. Ke3 Nb4 44. Ke4 Nd5 45. Be5 f6 46. Bd6 Kg8 47. f4 Kf7 48. g4 Nc3+ 49. Kd3 Nb5 50. Bc5 f5 51. g5 Nc7 52. Bd6 Nd5 53. Be5 Nb4+ 54. Kc4 Nc6 55. Kc5 Nxe5 56. dxe5 hxg5 57. fxg5 Ke7 58. Kc4 Kf7 59. Kd4 Kg8 60. Ke3 Kh7 61. Kf4 Kg8 62. Kf3 Kf7 63. Kf4 Ke7 64. Ke3 Kf7 65. Kd4 Kg8 66. Kc4 g6 67. h6 Kh7 68. Kd4 Kg8 69. Ke3 Kh7 70. Kf4 Kg8 71. Kf3 Kh7 1/2-1/2

[Event "Titled Tuesday intern op 1st Jan"]
[Site "Chess.com INT"]
[Date "2019.01.01"]
[Round "7"]
[White "Doe, Joe"]
[Black "Maly, Alexey"]
[Result "0-1"]
[WhiteElo "2678"]
[BlackElo "2344"]
[PlyCount "88"]
[EventDate "2019.01.01"]
[EventType "swiss (blitz)"]
[EventRounds "10"]
[EventCountry "USA"]
[SourceTitle "EXT 2021"]
[Source "ChessBase"]
[SourceDate "2020.10.23"]
[SourceVersion "1"]
[SourceVersionDate "2020.10.23"]
[SourceQuality "1"]

1. e4 c6 2. d4 d5 3. exd5 cxd5 4. Nf3 Nc6 5. Ne5 e6 6. Bb5 Bd7 7. Nxd7 Qxd7 8. 0-0 Nf6 9. c3 Bd6 10. Nd2 a6 11. Bd3 0-0 12. Qe2 b5 13. a4 bxa4 14. Rxa4 a5 15. Nf3 Rfb8 16. Bg5 Nb4 17. Rfa1 Nxd3 18. Qxd3 Rxb2 19. Bxf6 gxf6 20. Rxa5 Rxa5 21. Rxa5 Qb7 22. g3 Kg7 23. Kg2 Bc7 24. Ra1 Qb3 25. Ra7 Qb6 26. Ra8 Qb7 27. Re8 Qc6 28. Rc8 Qb7 29. Re8 Qc6 30. Re7 Kf8 31. Rxc7 Qxc7 32. Qxh7 Qxc3 33. Qh6+ Ke7 34. h4 Re2 35. Qf4 Qc2 36. Ng1 Qe4+ 37. Qxe4 Rxe4 38. Nf3 e5 39. dxe5 fxe5 40. h5 f6 41. Nh4 Rxh4 42. gxh4 d4 43. Kf3 d3 44. Ke3 e4 0-1

[Event "Titled Tuesday intern op 4th Dec"]
[Site "Chess.com INT"]
[Date "2018.12.04"]
[Round "9"]
[White "Doe, Joe"]
[Black "Durarbayli, Vasif"]
[Result "0-1"]
[WhiteElo "2626"]
[BlackElo "2620"]
[PlyCount "142"]
[EventDate "2018.12.04"]
[EventType "swiss (blitz)"]
[EventRounds "10"]
[EventCountry "USA"]
[SourceTitle "EXT 2021"]
[Source "ChessBase"]
[SourceDate "2020.10.23"]
[SourceVersion "1"]
[SourceVersionDate "2020.10.23"]
[SourceQuality "1"]

1. e4 c5 2. Nf3 d6 3. d4 cxd4 4. Qxd4 a6 5. c4 Nf6 6. h3 g6 7. Be2 Bg7 8. 0-0 0-0 9. Nc3 Nc6 10. Qe3 Nd7 11. Rd1 Rb8 12. Rb1 Qa5 13. Bd2 Qc5 14. Qf4 Nde5 15. Qh4 Nxf3+ 16. Bxf3 Bf6 17. Qg3 Qxc4 18. Nd5 Be5 19. Qh4 Qxa2 20. Bc3 Be6 21. Bxe5 dxe5 22. Nxe7+ Nxe7 23. Qxe7 Kg7 24. Qc5 Kf6 25. Bg4 Qc4 26. Qe3 Bxg4 27. hxg4 Kg7 28. g5 Rfd8 29. Qf3 Qe6 30. Rd5 Qe7 31. Qg3 Rxd5 32. exd5 Rd8 33. Rd1 b5 34. Qe3 a5 35. f4 e4 36. Qd4+ Kg8 37. d6 Qe6 38. d7 e3 39. Re1 Rxd7 40. Qxe3 Qxe3+ 41. Rxe3 Rd1+ 42. Kh2 Rd2 43. b3 Rb2 44. Rc3 Kf8 45. Re3 Kg7 46. Kh3 h5 47. gxh6+ Kxh6 48. g4 g5 49. f5 Kg7 50. Kg3 Kf6 51. Kf3 b4 52. Kg3 Ra2 53. Rd3 Ra3 54. Rd6+ Ke5 55. Rd7 Rxb3+ 56. Kf2 Kf4 57. Rxf7 Kxg4 58. f6 Rf3+ 59. Kg2 Rf5 60. Rf8 b3 61. f7 b2 62. Rb8 Rxf7 63. Rxb2 Ra7 64. Ra2 a4 65. Ra3 Kf4 66. Kf2 g4 67. Kg2 Ke4 68. Kg3 Kd4 69. Kxg4 Kc4 70. Kf3 Kb4 71. Re3 a3 0-1

[Event "Titled Tuesday intern op 4th Dec"]
[Site "Chess.com INT"]
[Date "2018.12.04"]
[Round "2"]
[White "Doe, Joe"]
[Black "Firouzja, Alireza"]
[Result "0-1"]
[WhiteElo "2613"]
[BlackElo "2607"]
[PlyCount "40"]
[EventDate "2018.12.04"]
[EventType "swiss (blitz)"]
[EventRounds "10"]
[EventCountry "USA"]
[SourceTitle "EXT 2021"]
[Source "ChessBase"]
[SourceDate "2020.10.23"]
[SourceVersion "1"]
[SourceVersionDate "2020.10.23"]
[SourceQuality "1"]

1. e4 c5 2. Nf3 d6 3. d4 cxd4 4. Qxd4 Nc6 5. Bb5 Bd7 6. Bxc6 Bxc6 7. Nc3 Nf6 8. Bg5 e6 9. 0-0-0 Be7 10. Rhe1 h6 11. Bh4 Qc7 12. Kb1 0-0 13. Qd2 b5 14. Bxf6 Bxf6 15. Qxd6 Qb7 16. Ne5 Rac8 17. Nxc6 Rxc6 18. Qd7 Rc7 19. Qxb5 Bxc3 20. Qxb7 Rxb7 0-1

[Event "Titled Tuesday intern op 4th Dec"]
[Site "Chess.com INT"]
[Date "2018.12.04"]
[Round "7"]
[White "Doe, Joe"]
[Black "Willow, Jonah B"]
[Result "0-1"]
[WhiteElo "2625"]
[BlackElo "2218"]
[PlyCount "70"]
[EventDate "2018.12.04"]
[EventType "swiss (blitz)"]
[EventRounds "10"]
[EventCountry "USA"]
[SourceTitle "EXT 2021"]
[Source "ChessBase"]
[SourceDate "2020.10.23"]
[SourceVersion "1"]
[SourceVersionDate "2020.10.23"]
[SourceQuality "1"]

1. e4 c5 2. Nf3 e6 3. d4 cxd4 4. Nxd4 a6 5. Bd3 Nf6 6. Nc3 Qc7 7. Qe2 Nc6 8. Nxc6 dxc6 9. e5 Nd5 10. Nxd5 cxd5 11. 0-0 Bc5 12. Re1 b5 13. c3 Bb7 14. a4 b4 15. Qg4 bxc3 16. bxc3 g6 17. Bh6 Bf8 18. Bxf8 Rxf8 19. Rab1 Bc6 20. c4 h5 21. Qf4 Rg8 22. cxd5 Bxd5 23. Rec1 Qd7 24. a5 g5 25. Qd4 Kf8 26. Rb6 Kg7 27. Qe3 Qe7 28. Rxa6 Rxa6 29. Bxa6 Ra8 30. Qb6 Qa3 31. Rf1 Qb3 32. Bb5 h4 33. Be2 Qxb6 34. axb6 Ra2 35. Re1 Rb2 0-1